01047nam a22002777a 450000500170000001000130001702000230003003500130005303700160006604000120008208200160009410000370011024501020014725000110024926000460026027000480030630000380035450000330039265000290042565000440045470000320049870000290053094200250055999900190058495201660060320170124105955.0 aA-999413 c275.00a8120315561 aA-999413 bCen Lib/Ret aDPLbEN a004.16bMEY aMeyer, Marilyn Wertheimer914411 aComputers your future /cby Marilyn Wertheimer Meyer, Roberta L. Baber [and] Bryan Pfaffenberger  a3rd ed aNew Delhi bPrentice Hall of India c1999 aM-97, Connaught Circus bNew Delhi e110001 avarious pagings ;c24cm(Hb)bill. aIncludes appendix and index  aComputer Science 991473 aComputer & information literacy 914413 aPfaffenberger, Bryan914414 aBaber, Roberta L.914415 2ddccENh004.16mMEY c125448d125448 04104070aLbLd2015-06-22eCen Lib/Retg275.00l0o004.16 MEYpA-999413r2015-06-22 00:00:00t1v275.00w2015-06-22yENzW/d List No. 6900/24 ; dtd 23/10/2020